[Event "Zagorovsky mem"]
[Site "Voronezh"]
[Date "1997.??.??"]
[Round "?"]
[White "Vasiukov, Evgeni"]
[Black "Vladimirov, Boris T"]
[Result "1-0"]
[WhiteElo "2495"]
[BlackElo "2370"]

1.e4 g6 2.d4 Bg7 3.Nc3 d6 4.Be2 a6 5.Nf3 b5 6.O-O Bb7 7.Bd3 Nd7 8.a4 b4 9.Na2 c5
10.d5 Qc7 11.c4 Ngf6 12.h3 O-O 13.Bg5 e6 14.Qc2 Rac8 15.b3 Kh8 16.Rae1 Ng8
17.Nc1 Rce8 18.Ne2 Bc8 19.Kh1 exd5 20.cxd5 Ne5 21.Nxe5 Bxe5 22.Ng1 Bg7 23.Bd2 Qd8
24.Nf3 Nf6 25.Bg5 Qc7 26.Nd2 Nd7 27.f4 Kg8 28.Nc4 Nb6 29.Ne3 Nd7 30.Ng4 f6
31.Bh4 Kh8 32.Ne3 Rf7 33.Nc4 Nb6 34.Nd2 Nd7 35.Nc4 Nb6 36.Ne3 Nd7 37.Re2 Kg8
38.Rfe1 Bf8 39.Bc4 Bh6 40.Bg3 Bg7 41.Qd3 Qb6 42.Ng4 f5 43.exf5 Rxe2 44.Rxe2 Rxf5
45.Re8+ Rf8 46.Qe2 Qc7 47.Bxa6 Bxa6 48.Rxf8+ Nxf8 49.Qxa6 Qe7 50.Qd3 h5 51.Ne3 Qf6
52.h4 Qa1+ 53.Kh2 Bd4 54.Bf2 Qa2 55.Kg3 Kf7 56.Kf3 Nd7 57.Bg3 Nf6 58.Nc4 Qa1
59.Nxd6+ Kg7 60.Nb5 Nxd5 61.Nxd4 cxd4 62.Bf2 Ne3 63.Ke4  1-0

[Event "Vsetin op"]
[Site "Vsetin"]
[Date "1997.??.??"]
[Round "?"]
[White "Veselsky, Frantisek"]
[Black "Hastik, Svatopluk"]
[Result "0-1"]
[WhiteElo "2015"]
[BlackElo "2120"]

1.e4 g6 2.d4 Bg7 3.Nc3 d6 4.Be3 c6 5.Qd2 Nd7 6.f4 b5 7.Bd3 Nb6 8.b3 Nf6 9.h3 O-O
10.Nf3 Bb7 11.O-O Qc7 12.Rae1 a6 13.e5 b4 14.Ne4 Nfd5 15.Bf2 Bc8 16.Nh4 Bh6
17.Bg3 dxe5 18.dxe5 f5 19.exf6 exf6 20.Nc5 f5 21.a4 a5 22.Re5 Qxe5  0-1

[Event "Vsetin op"]
[Site "Vsetin"]
[Date "1997.??.??"]
[Round "?"]
[White "Parak, D."]
[Black "Hastik, Svatopluk"]
[Result "1/2-1/2"]
[WhiteElo "1920"]
[BlackElo "2120"]

1.e4 g6 2.d4 Bg7 3.Nc3 d6 4.Nf3 Nf6 5.Be2 O-O 6.Bg5 c6 7.Qd2 Re8 8.O-O-O Qa5
9.Bxf6 exf6 10.Kb1 a6 11.Qf4 b5 12.Bd3 Qc7 13.h4 Nd7 14.g4 c5 15.Nd5 Qc6
16.g5 f5 17.c3 Bb7 18.Nf6+ Nxf6 19.gxf6 fxe4 20.d5 Qxd5 21.Bxb5 Qxa2+ 22.Kxa2 axb5+
23.Kb1 exf3 24.Rhe1 Bf8 25.h5 Re2 26.Rxe2 fxe2 27.Re1 Ra4 28.b4 cxb4 29.cxb4 d5
30.Kc2 Rxb4 31.Qb8 Rc4+ 32.Kd3 Bc6 33.hxg6 hxg6 34.Rh1 e1=N+ 35.Rxe1 Bd7
36.Rh1 Rc8 37.Qh2 Bf5+ 38.Kd4 Bc5+ 39.Ke5 Re8+ 40.Kxd5 Be4+ 41.Kxc5 Bxh1
42.Qxh1 Re5+ 43.Kb4 Rf5 44.Qc6 Kh7 45.Qd6 g5 46.Qd3 Kg6 47.f3 Kxf6 48.Kc3 Rf4
49.Kd2 b4 50.Ke3 Kg7 51.Qd8 f6 52.Qe7+ Kg8 53.Ke2 b3 54.Qe6+ Kf8 55.Qxb3 Ke7
56.Qd5 Rh4 57.Kd3 Rf4 58.Ke3 Rh4 59.Qf5 Rf4 60.Qh7+ Ke6 61.Qg8+ Kf5 62.Qh7+ Ke6  1/2-1/2

[Event "Warsaw-ch"]
[Site "Warsaw"]
[Date "1997.??.??"]
[Round "2"]
[White "Kaliszewski, Tomasz"]
[Black "Shilin, Denis"]
[Result "1/2-1/2"]
[WhiteElo "2190"]
[BlackElo "2320"]

1.e4 g6 2.d4 Bg7 3.Nc3 d6 4.Nf3 Nf6 5.Be2 O-O 6.O-O e5 7.dxe5 dxe5 8.Qxd8 Rxd8
9.Bg5 Re8 10.Rad1 Bd7 11.h3 h6 12.Be3 Bf8 13.a3 a5 14.Bc4 Na6 15.Nd5 Nxd5
16.Bxd5 Bc8 17.Nh2 c6 18.Ba2 Nc5 19.f3 Be6 20.Bxe6 Rxe6 21.Rd2 f5 22.exf5 gxf5
23.g4 f4 24.Bxc5 Bxc5+ 25.Kg2 e4 26.fxe4 Rxe4 27.Nf3 Rae8 28.Rfd1 R8e7 29.c3 a4
30.Nd4 Bxd4 31.cxd4 Re3 32.Rd3 Rxd3 33.Rxd3 Re2+ 34.Kf3 Rxb2 35.Kxf4 Kf7
36.Ke5 Ke7 37.h4 Rg2 38.Re3 b5 39.Kf5+ Kd6 40.Re6+ Kd5 41.Rxh6 Rf2+ 42.Kg5 Rf8
43.h5 Rf3 44.Rh8 Rxa3 45.h6 Rh3 46.Ra8 Kxd4 47.Kg6 a3 48.h7 b4 49.Kg7 c5
50.Ra4 a2 51.Rxa2 b3 52.Ra6 Rxh7+ 53.Kxh7 c4 54.g5 b2 55.Rb6 c3 56.g6 c2
57.Rxb2 c1=Q 58.g7 Qxb2 59.g8=Q Qh2+ 60.Kg7 Qg3+ 61.Kf7 Qxg8+  1/2-1/2

[Event "Warsaw-ch"]
[Site "Warsaw"]
[Date "1997.??.??"]
[Round "3"]
[White "Szefer, Michal"]
[Black "Barwinski, Dionizy"]
[Result "1-0"]
[WhiteElo "2140"]
[BlackElo "2265"]

1.e4 g6 2.d4 Bg7 3.Nc3 d6 4.Be3 c6 5.a4 Qa5 6.Nf3 Nf6 7.Bd3 Na6 8.O-O O-O
9.Nd2 Nb4 10.Be2 Qc7 11.Nb3 Be6 12.f3 Bxb3 13.cxb3 b6 14.Qd2 c5 15.Rac1 Qb7
16.Rfd1 Rac8 17.Bc4 Rfd8 18.Qe2 e6 19.e5 dxe5 20.dxc5 Rxd1+ 21.Rxd1 bxc5
22.Nb5 Ne8 23.Qd2 Nc6 24.Bxc5 Nd4 25.b4 a6 26.Nxd4 exd4 27.Qe2 Nc7 28.Bxd4 Bxd4+
29.Rxd4 Qxb4 30.Qd1 Qc5 31.Kf1 Kg7 32.b4 Qc6 33.Bb3 Qc3 34.Rc4 Qe5 35.Qc1 Qxh2
36.b5 axb5 37.axb5 Rd8 38.Rxc7 Qh1+ 39.Kf2 Qh4+ 40.Kf1 Qh1+ 41.Kf2 Qh4+ 42.Ke2 Qh2
43.Qc3+ Kh6 44.Rxf7 Qxg2+ 45.Ke3 e5 46.Ke4 Qe2+ 47.Qe3+ Qxe3+ 48.Kxe3 Rd4
49.Bc2 Rb4 50.Bd3  1-0

[Event "Warsaw-ch"]
[Site "Warsaw"]
[Date "1997.??.??"]
[Round "3"]
[White "Dukaczewski, Piotr"]
[Black "Rutkowska, Mariola"]
[Result "1-0"]
[WhiteElo "2180"]
[BlackElo "2080"]

1.e4 g6 2.d4 Bg7 3.Nc3 d6 4.Be3 a6 5.Qd2 b5 6.Bd3 Bb7 7.O-O-O Nd7 8.f4 Ngf6
9.e5 Ng4 10.Nf3 e6 11.Ne4 Bxe4 12.Bxe4 d5 13.Bd3 Rc8 14.h3 Nxe3 15.Qxe3 c5
16.dxc5 Nxc5 17.g4 h5 18.f5 gxf5 19.Kb1 Qc7 20.gxf5 Nxd3 21.Qxd3 Qc4 22.fxe6 Qxd3
23.exf7+ Kxf7 24.Rxd3 Rc5 25.Rhd1 Rf8 26.Rxd5 Rxd5 27.Rxd5 Ke6 28.Rd6+ Ke7
29.Rd3 Bxe5 30.a4 Bh8 31.axb5 Rb8 32.bxa6 Rxb2+ 33.Kc1 Ra2 34.Rd5 Rxa6 35.Rxh5 Bc3
36.Kd1 Re6 37.Rd5 Re3 38.Rd3 Rxd3+ 39.cxd3 Kf6 40.Ke2 Kf5 41.Ke3 Bb2 42.Ng1 Bc1+
43.Kf3 Bb2 44.Ne2 Bf6 45.d4 Bh8 46.Ng3+ Kg5 47.d5 Be5 48.Ne4+ Kf5 49.h4 Bh2
50.Ng3+  1-0

[Event "VAM Hoogeveen op"]
[Site "Wijk aan Zee"]
[Date "1997.??.??"]
[Round "5"]
[White "Jap Tjoen San, Linda"]
[Black "Lanchava, Tea"]
[Result "0-1"]
[WhiteElo "2175"]
[BlackElo "2275"]

1.e4 d6 2.d4 g6 3.Nc3 Bg7 4.Be3 Nf6 5.Be2 c6 6.h4 h5 7.f3 b5 8.Qd2 Bb7 9.a4 a6
10.Nh3 Nbd7 11.Ng5 Nh7 12.Rd1 e6 13.d5 b4 14.dxe6 Nxg5 15.exd7+ Qxd7 16.Nb1 Ne6
17.Qxb4 Be5 18.Na3 a5 19.Qb3 Qe7 20.Nc4 Bg3+ 21.Bf2 Bxf2+ 22.Kxf2 d5 23.exd5 Nf4
24.Qe3 Qxe3+ 25.Nxe3 Nxd5 26.Nxd5 cxd5 27.Bb5+ Ke7 28.Rhe1+ Kf6 29.Rd4 Rac8
30.Rf4+ Kg7 31.Re7 Rxc2+ 32.Kg1 Bc8 33.Rexf7+ Kh6 34.Bd3 Rxb2 35.Bxg6 Rg8
36.Bc2 Rxc2 37.R4f6+ Rg6 38.Rxg6+ Kxg6 39.Ra7 Rc5 40.Kf2 d4 41.Ke2 Bf5 42.Ra6+ Kf7
43.Rd6 Rc2+ 44.Ke1 d3 45.g4 hxg4 46.fxg4 Re2+ 47.Kf1 Be4 48.Rd4 Bg2+ 49.Kg1 d2
50.Kh2 Be4+ 51.Kg3 Bc2  0-1

[Event "VAM Hoogeveen op"]
[Site "Wijk aan Zee"]
[Date "1997.??.??"]
[Round "9"]
[White "De Vreugt, Dennis"]
[Black "Lanchava, Tea"]
[Result "1-0"]
[WhiteElo "2295"]
[BlackElo "2275"]

1.e4 g6 2.d4 d6 3.Nc3 Bg7 4.Bc4 Nf6 5.Nf3 O-O 6.Qe2 c6 7.Bg5 b5 8.Bd3 b4
9.Nd1 Qc7 10.h3 e5 11.dxe5 dxe5 12.a3 c5 13.Ne3 Be6 14.O-O Nh5 15.Nc4 Nc6
16.Be3 Nd4 17.Nxd4 exd4 18.Bd2 Rab8 19.axb4 cxb4 20.b3 Rfe8 21.Qf3 Bd7 22.g4 Nf6
23.Bf4 Qc5 24.Bd6 Qg5 25.Bxb8 Rxb8 26.Rxa7  1-0

[Event "Wil"]
[Site "Wil"]
[Date "1997.??.??"]
[Round "?"]
[White "Potterat, Marc"]
[Black "Joksic, Sinisa"]
[Result "1-0"]
[WhiteElo "2150"]
[BlackElo "2345"]

1.d4 g6 2.e4 Bg7 3.Nc3 d6 4.f4 Nf6 5.Nf3 O-O 6.e5 dxe5 7.dxe5 Qxd1+ 8.Kxd1 Rd8+
9.Ke1 Nd5 10.Nxd5 Rxd5 11.Bc4 Rd8 12.Be3 Bf5 13.c3 Nc6 14.Ng5 e6 15.Kf2 h6
16.Nf3 Be4 17.Be2 a6 18.Nd2 Bd3 19.Bxd3 Rxd3 20.Ne4 b6 21.Rhd1 Rad8 22.Rxd3 Rxd3
23.Ke2 Rd7 24.Rd1 Rxd1 25.Kxd1 g5 26.g3 Kh7 27.fxg5 hxg5 28.Bxg5 Bxe5 29.Be3 Kg6
30.Ke2 Bg7 31.g4 f5 32.gxf5+ Kxf5 33.Nd2 b5 34.Nb3 b4 35.Nc5 a5 36.Bd2 Bf8
37.cxb4 axb4 38.Be3 Ne5 39.a3 Ng4 40.axb4 Nxh2 41.Na6 Bd6 42.Ba7 c6 43.Bd4 Ng4
44.Nc5 e5 45.Bc3 Bxc5 46.bxc5 Ke4 47.Bb4 Kd4 48.Kf3 Nf6 49.Bc3+ Kd5 50.b4 Nd7
51.Ke3 Kc4 52.Be1 Kd5 53.Bc3 Nb8 54.Kd3 Na6 55.Be1 Nc7 56.Bf2 Nb5 57.Bg3  1-0

[Event "Wuerzburg op"]
[Site "Wuerzburg"]
[Date "1997.??.??"]
[Round "6"]
[White "Werner, Isabel"]
[Black "Hertneck, Gerald"]
[Result "1/2-1/2"]
[WhiteElo "2215"]
[BlackElo "2565"]

1.e4 g6 2.d4 d6 3.Nc3 Bg7 4.Be3 c6 5.Qd2 d5 6.Nf3 dxe4 7.Nxe4 Nf6 8.Nxf6+ exf6
9.Be2 O-O 10.O-O Re8 11.Rfe1 Nd7  1/2-1/2

[Event "Zagreb op"]
[Site "Zagreb"]
[Date "1997.??.??"]
[Round "4"]
[White "Zelcic, Robert"]
[Black "Ivekovic, Mario"]
[Result "1-0"]
[WhiteElo "2455"]
[BlackElo "2305"]

1.e4 g6 2.d4 Bg7 3.Nc3 d6 4.Bc4 Nc6 5.Nf3 Nf6 6.Qe2 Bg4 7.Be3 O-O 8.O-O-O e5
9.dxe5 Nxe5 10.Bb3 Bh5 11.h3 Nxf3 12.gxf3 Nd7 13.Rhg1 Ne5 14.Rg3 Kh8 15.Nd5 h6
16.Nf4 Qh4 17.Nxh5 Qxh5 18.Qb5 a6 19.Qxb7 Nxf3 20.Rd5 Be5 21.Qxc7 Rad8 22.Qc4 g5
23.Qe2 Bxg3 24.fxg3 f5 25.Rxf5 Rxf5 26.exf5 g4 27.h4 Qxf5 28.Bxh6 Nd4 29.Qd1 Nxb3+
30.axb3 Kh7 31.Bf4 a5 32.Kb1 Rd7 33.Ka2 d5 34.Qe2 d4 35.Qe8 d3 36.cxd3 Rxd3
37.Qe7+ Kg6 38.h5+  1-0

[Event "Zillertal op"]
[Site "Zillertal"]
[Date "1997.??.??"]
[Round "7"]
[White "Taschner, Peter"]
[Black "Kleinsasser, Franz"]
[Result "1/2-1/2"]
[WhiteElo "2015"]
[BlackElo "2145"]

1.e4 d6 2.d4 g6 3.Nc3 Bg7 4.g3 Nf6 5.Bg2 O-O 6.Nge2 e5 7.O-O Nc6 8.d5 Ne7
9.h3 Ne8 10.f4 f5 11.fxe5 dxe5 12.Bg5 Nd6 13.Qd3 Bd7 14.Rae1 Qe8 15.Bxe7 Qxe7  1/2-1/2

[Event "Weihnachts op-M 21th"]
[Site "Zuerich"]
[Date "1997.??.??"]
[Round "?"]
[White "Raeber, Markus"]
[Black "Mohr, Stefan"]
[Result "1/2-1/2"]
[WhiteElo "2200"]
[BlackElo "2400"]

1.d4 d6 2.e4 g6 3.Nc3 Bg7 4.Bc4 Nc6 5.Nge2 Nf6 6.f3 O-O 7.Be3 b6 8.Nd5 e6
9.Nxf6+ Bxf6 10.O-O Bb7 11.Qd2 d5 12.exd5 Na5 13.Bd3 Bxd5 14.c3 Nc4 15.Bxc4 Bxc4
16.Rfe1 e5 17.dxe5 Qxd2 18.Bxd2 Bxe5 19.Ng3 Rfe8 20.Bg5 f5 21.Nf1 Bg7 22.Nd2 Bd5
23.Nb3 c5 24.Rad1 Bc6 25.Kf2 Kf7 26.Bf4 Rxe1 27.Rxe1 Rd8 28.Re2 Bb5 29.Rd2 Re8
30.Nc1 Bf6 31.g3 g5 32.Be3 Rd8 33.Rxd8 Bxd8 34.Bd2 Ke6 35.Ke3 Bc7 36.f4 gxf4+
37.gxf4 Kd5 38.b3 c4 39.b4 a5 40.a3 Bd7 41.Ne2 b5 42.Nd4 Bb6 43.Be1 a4 44.Bh4 Bxd4+
45.cxd4 c3 46.Kd3 c2 47.Kxc2 Kxd4 48.Bg5 Ke3 49.h4 Be8 50.Kc3 Bg6 51.Bh6  1/2-1/2

[Event "NLD-sf"]
[Site "Enschede"]
[Date "1998.01.08"]
[Round "6"]
[White "Blokhius, Jeroen"]
[Black "Kamstra, Cor"]
[Result "1-0"]
[WhiteElo "2205"]
[BlackElo "2325"]

1.e4 g6 2.d4 Bg7 3.Nc3 d6 4.Be2 a6 5.Nf3 b5 6.O-O Nd7 7.Re1 c5 8.a3 Bb7 9.Bf1 cxd4
10.Nxd4 Ngf6 11.f3 O-O 12.Be3 Rc8 13.Bf2 Nb6 14.Na2 e5 15.Ne2 d5 16.Ng3 Qc7
17.c3 Rfd8 18.exd5 Bxd5 19.Qc2 Bc4 20.Nb4 Ra8 21.Nd3 Nfd7 22.Rad1 f5 23.Nb4 Bf7
24.Nd3 Nc4 25.a4 bxa4 26.Qxa4 a5 27.Qc2 Rab8 28.b4 Ra8 29.Ra1 Nf6 30.Ra4 h5
31.bxa5 h4 32.Nh1 e4 33.Nc5 e3 34.Rxe3 Nxe3 35.Bxe3 Rxa5 36.Rxa5 Qxa5 37.Nb7 Qe5
38.Nxd8 Qxe3+ 39.Nf2 Bd5 40.c4 Ba8 41.Qa2 Be4 42.Ne6 Bxf3 43.Nxg7 Bc6 44.Nxf5 gxf5
45.Qe2 Qc5 46.Kh1 Kg7 47.Nd3 Qa7 48.Qf2 Qa1 49.Qe1 Qa7 50.Qxh4 Ne4 51.Qf4 Qd7
52.h3 Ba8 53.Kh2 Qc8 54.Qe5+ Kf7 55.Be2 Nf6 56.Nf4 Be4 57.Nh5 Ne8 58.Ng3 Nf6
59.c5 Qc6 60.Nxf5 Bxf5  1-0

[Event "Zagreb op"]
[Site "Zagreb"]
[Date "1998.01.08"]
[Round "6"]
[White "Biti, Ozren"]
[Black "Marangunic, Srdjan"]
[Result "0-1"]
[WhiteElo "2220"]
[BlackElo "2460"]

1.e4 g6 2.d4 Bg7 3.Nc3 d6 4.Nf3 a6 5.Be3 b5 6.Qd2 Bb7 7.Bd3 Nd7 8.a4 c6 9.O-O e5
10.d5 cxd5 11.Nxd5 bxa4 12.Rxa4 Ngf6 13.Rfa1 O-O 14.Nxf6+ Nxf6 15.Bg5 d5
16.Bxf6 Bxf6 17.exd5 Bxd5 18.Be4 Bxe4 19.Qxd8 Rfxd8 20.Rxe4 Bg7 21.Nxe5 Rd2
22.Rc1 Re8 23.Nc4 Rxe4 24.Nxd2 Re2 25.Nc4 Bd4 26.Ne3 Rxe3  0-1

[Event "Zagreb op"]
[Site "Zagreb"]
[Date "1998.01.10"]
[Round "8"]
[White "Bilic, Mario"]
[Black "Loncar, Robert"]
[Result "0-1"]
[WhiteElo "2275"]
[BlackElo "2405"]

1.e4 g6 2.d4 Bg7 3.Nc3 d6 4.Nf3 a6 5.Be3 b5 6.a3 Bb7 7.h3 Nd7 8.g4 Ngf6 9.Nd2 e5
10.dxe5 Nxe5 11.g5 Nfd7 12.f4 Nc6 13.Bg2 h6 14.h4 hxg5 15.hxg5 Rxh1+ 16.Bxh1 Nd4
17.Nf1 c5 18.Qd2 Nb6 19.b3 Qe7 20.O-O-O O-O-O 21.Ng3 Kb8 22.Nce2 Nc6 23.f5 Be5
24.f6 Qc7 25.Qe1 Bc8 26.Bf3 a5 27.Nh1 a4 28.Nc3 axb3 29.cxb3 Nd4 30.Be2 Nxb3+
31.Kb1 Bd7 32.Nxb5 Bxb5 33.Bxb5 Qb7 34.Ka2 Qxe4 35.Kxb3 c4+ 36.Kb4 c3+ 37.Ka5 Qa8+
38.Kxb6 Qa7+ 39.Kc6 Qb7+  0-1

[Event "CZE-chT 9798"]
[Site "CZE"]
[Date "1998.01.17"]
[Round "5"]
[White "Hajek, Michal"]
[Black "Nedela, Vlastimil"]
[Result "1-0"]
[WhiteElo "2310"]
[BlackElo "2330"]

1.e4 g6 2.d4 Bg7 3.Nc3 d6 4.g3 b6 5.Bg2 Bb7 6.Nge2 e6 7.O-O Ne7 8.f4 O-O
9.Be3 a6 10.a4 Qe8 11.b4 Nd7 12.Bf2 f5 13.e5 Bxg2 14.Kxg2 d5 15.b5 Qc8 16.Na2 c6
17.Qd3 Qb7 18.Rfb1 cxb5 19.axb5 a5 20.Be3 Rfc8 21.Bc1 Rc4 22.Ba3 Nc8 23.Nac3 Na7
24.Nd1 Bf8 25.Ne3 Rc7 26.g4 Bxa3 27.Rxa3 fxg4 28.Nxg4 Rac8 29.c3 Rf8 30.Qh3 Qc8
31.Qh6 Nb8 32.Nf6+ Kh8 33.c4 dxc4 34.Rh3 Rff7 35.Nc3 Qf8 36.Qxf8+ Rxf8 37.Nce4 c3
38.Nxc3 h5 39.Nce4 Nd7 40.Rg3 Nxf6 41.Nxf6 Rd8 42.Kh1 Rg7 43.Rbg1 Nxb5 44.Nxh5 Rh7
45.Nf6 Rh6 46.d5 exd5 47.e6 Kg7 48.e7 Rdh8 49.e8=N+ Kf7 50.Ng4 Rh3 51.Rxh3 Rxh3
52.Rb1 Nc3 53.Nd6+ Ke7 54.Rxb6 a4 55.Ne5 a3 56.Nxg6+ Kd8 57.Ra6 a2 58.Kg2 Rd3
59.Ne5 Rd1 60.Ra7 Rd2+ 61.Kh3  1-0

[Event "Ubeda op"]
[Site "Ubeda"]
[Date "1998.01.21"]
[Round "2"]
[White "Prasad, Devaki V"]
[Black "Mowsziszian, Karen"]
[Result "0-1"]
[WhiteElo "2400"]
[BlackElo "2500"]

1.e4 g6 2.d4 Bg7 3.Nc3 d6 4.Be3 c6 5.Qd2 b5 6.f3 Nd7 7.Nge2 Nb6 8.b3 a5 9.a4 b4
10.Nd1 Bd7 11.c4 bxc3 12.Nexc3 Nf6 13.Be2 O-O 14.O-O e5 15.dxe5 dxe5 16.Nb2 Qc7
17.Nc4 Nxc4 18.Bxc4 Rfe8 19.Rac1 Qb7 20.Qe2 Be6 21.Nb1 Nd7 22.Nd2 Nf8 23.Rc3 Red8
24.Rfc1 Bxc4 25.Qxc4 Rac8 26.Rd3 Bf6 27.Rxd8 Bxd8 28.Qc3 f6 29.Nc4 Rb8 30.Nxa5 Bxa5
31.Qxa5 Qxb3 32.Qc3 Qxa4 33.Qxc6 Qb3 34.Bh6 Ne6 35.Qd7 g5 36.h3 Qe3+  0-1

[Event "Anibal op 5th"]
[Site "Linares"]
[Date "1998.01.22"]
[Round "3"]
[White "Kobese, Watu"]
[Black "Spraggett, Kevin"]
[Result "1-0"]
[WhiteElo "2330"]
[BlackElo "2565"]

1.e4 g6 2.d4 d6 3.Nc3 Bg7 4.h3 a6 5.a4 Nf6 6.Nf3 O-O 7.Be3 Nc6 8.a5 Re8 9.d5 Nb8
10.Be2 e5 11.Nd2 Rf8 12.g4 Ne8 13.Nf1 Bf6 14.Qd2 Bh4 15.Bh6 Ng7 16.Rg1 f6
17.Ne3 Bg5 18.Bxg5 fxg5 19.Ng2 Nd7 20.Rh1 Qf6 21.Qe3 Rf7 22.Nb1 Nf8 23.Nd2 h5
24.c4 Nh7 25.c5 Bd7 26.Rc1 Raf8 27.Rf1 dxc5 28.Qxc5 c6 29.Rc3 cxd5 30.exd5 Rc8
31.Qb4 Rxc3 32.bxc3 hxg4 33.hxg4 Qd8 34.Ne4 Ne8 35.Bc4 Kg7 36.Ne3 Nhf6 37.f3 Qc8
38.Ng2 Rf8 39.Ke2  1-0

[Event "Ubeda op"]
[Site "Ubeda"]
[Date "1998.01.22"]
[Round "3"]
[White "Lobzhanidze, Davit"]
[Black "Sahu, Sekhar Chandra"]
[Result "1-0"]
[WhiteElo "2485"]
[BlackElo "2280"]

1.e4 g6 2.d4 Bg7 3.Nc3 d6 4.f4 c6 5.Nf3 Qb6 6.Bc4 Nh6 7.Bb3 Bg4 8.Be3 d5
9.h3 Bxf3 10.gxf3 e6 11.Qd2 f5 12.Na4 Qc7 13.Nc5 Qc8 14.exd5 cxd5 15.O-O-O Nc6
16.Rhe1 O-O 17.Bf2 Nd8 18.Nxe6 Nxe6 19.Bxd5 Kh8 20.Bxe6 Qc6 21.d5 Qb5 22.Bd4 Ng8
23.Bxg8 Kxg8 24.Bxg7  1-0

[Event "Anibal op 5th"]
[Site "Linares"]
[Date "1998.01.26"]
[Round "7"]
[White "Degraeve, Jean Marc"]
[Black "Dimitrov, Vladimir"]
[Result "0-1"]
[WhiteElo "2525"]
[BlackElo "2450"]

1.e4 g6 2.d4 Bg7 3.Nc3 d6 4.Be3 a6 5.f4 b5 6.Be2 Bb7 7.Bf3 e6 8.Qd3 Nd7 9.O-O-O Ne7
10.g4 d5 11.e5 b4 12.Nce2 c5 13.dxc5 Qa5 14.Kb1 g5 15.Qd2 Nc6 16.h4 gxf4
17.Nxf4 Nxc5 18.Nxd5 O-O-O 19.Qf2 Na4 20.Bb6 Nxb6 21.Nxb6+ Kc7 22.Nc4 Qb5
23.b3 Nxe5 24.Rxd8 Rxd8 25.Qh2 Rd7 26.a4 Qc5 27.Qg3 Kd8  0-1

[Event "Anibal op 5th"]
[Site "Linares"]
[Date "1998.01.28"]
[Round "9"]
[White "Dimitrov, Vladimir"]
[Black "Epishin, Vladimir"]
[Result "1/2-1/2"]
[WhiteElo "2450"]
[BlackElo "2590"]

1.e4 g6 2.d4 Bg7 3.Nc3 d6 4.Nf3 Nf6 5.Be2 O-O 6.O-O c6 7.Re1 Bg4 8.h3 Bxf3
9.Bxf3 e6 10.Bg5 Qb6 11.Qd2 Nbd7 12.a4 a5 13.Be3 Qc7 14.g3  1/2-1/2

[Event "Ubeda op"]
[Site "Ubeda"]
[Date "1998.01.28"]
[Round "9"]
[White "Estrada Nieto, Julian"]
[Black "Peralta, Fernando"]
[Result "0-1"]
[WhiteElo "2395"]
[BlackElo "2360"]

1.e4 g6 2.d4 Bg7 3.Nc3 d6 4.g3 Nc6 5.Be3 e5 6.dxe5 Nxe5 7.h3 Nf6 8.Bg2 O-O
9.Nge2 Re8 10.O-O c6 11.Bd4 b5 12.a3 Bb7 13.f4 Ned7 14.e5 dxe5 15.fxe5 Nxe5
16.Nxb5 Qe7 17.Nbc3 Rad8 18.Qc1 Ba6 19.Qe3 Qc7 20.Rad1 Nd5 21.Bxd5 cxd5 22.Rfe1 Nd3
23.Rxd3 Rxe3 24.Rxe3 Bxe2 25.Nxe2 Qxc2 26.Rc1 Qxc1+  0-1

[Event "AUT-chT3 9798"]
[Site "Vorarlberg "]
[Date "1998.01.30"]
[Round "7"]
[White "Wohlfart, Hubert"]
[Black "Maier, Peter"]
[Result "1-0"]
[WhiteElo "2195"]
[BlackElo "2180"]

1.e4 g6 2.d4 Bg7 3.Nc3 d6 4.Be3 c6 5.Bc4 Nf6 6.h3 b5 7.Bd3 O-O 8.Nf3 Qc7
9.O-O a6 10.Ne2 c5 11.c3 c4 12.Bc2 e5 13.Ng3 Nbd7 14.Qd2 d5 15.dxe5 Nxe5
16.Nxe5 Qxe5 17.Bd4 Qb8 18.e5 Nd7 19.f4 Bb7 20.Rae1 Qc7 21.f5 Bxe5 22.Rxe5 Nxe5
23.f6 Kh8 24.Qh6 Rg8 25.Rf4 Nf3+ 26.gxf3  1-0

[Event "Europe vs Americas"]
[Site "Mermaid Beach"]
[Date "1998.02.03"]
[Round "9"]
[White "Peptan, Corina"]
[Black "Shabalov, Alexander"]
[Result "0-1"]
[WhiteElo "2410"]
[BlackElo "2615"]

1.e4 g6 2.d4 Bg7 3.Nc3 d6 4.Be2 a6 5.Be3 b5 6.Bf3 Nd7 7.e5 Rb8 8.Bc6 Nh6
9.d5 O-O 10.exd6 Ne5 11.Ba7 Nxc6 12.dxc6 Ra8 13.d7 Rxa7 14.Nge2 Bxd7 15.Qxd7 Qxd7
16.cxd7 c6 17.O-O-O Rd8 18.Ne4 Raxd7 19.Rxd7 Rxd7 20.Nc5 Rd6 21.Nxa6 Ng4
22.f3 Bh6+ 23.Kb1 Ne3 24.g3 Nxc2 25.Nc3 Rd2 26.Nb8 Ne3 27.Nxc6 Nc4 28.Rd1 Rxb2+
29.Ka1 f5 30.Nxe7+ Kf8 31.Nc6 Rxh2 32.f4 b4 33.Nxb4 Bg7 34.Rd8+ Ke7 35.Nc6+ Ke6
36.Nd4+ Bxd4 37.Rxd4 Rh1+ 38.Rd1 Rxd1+ 39.Nxd1 Kd5 40.Kb1 Ke4 41.Kc2 Kf3
42.a4 Kxg3 43.Kd3 Na5 44.Ke3 h5 45.Nc3 h4 46.Nd1 h3 47.Nf2 Kg2 48.Ke2 h2
49.Nh1 Nc4 50.Ke1 Nb2 51.a5 Nd3+ 52.Ke2 Nxf4+ 53.Ke1  0-1

[Event "FRA-chT"]
[Site "FRA"]
[Date "1998.02.06"]
[Round "1"]
[White "Kinsman, Andrew PH"]
[Black "Gofshtein, Leonid D"]
[Result "0-1"]
[WhiteElo "2430"]
[BlackElo "2520"]

1.d4 d6 2.e4 g6 3.Nc3 Bg7 4.Be3 a6 5.Qd2 Nd7 6.Nf3 b5 7.a4 b4 8.Ne2 c5 9.Ng3 Bb7
10.Bd3 Ngf6 11.Bh6 Bxh6 12.Qxh6 cxd4 13.O-O e5 14.Bc4 Rc8 15.Bb3 Nc5 16.Qg7 Rf8
17.Ng5 Nxb3 18.cxb3 h6 19.Qxh6 Ke7 20.Nh3 Kd7 21.Qd2 Nxe4 22.Nxe4 Bxe4 23.Qxb4 Rb8
24.Qc4 Qa5 25.Qe2 Bf5 26.Rac1 Rxb3 27.f4 d3 28.Qd1 Rxb2 29.fxe5 d2 30.Rc4 Rb1
31.Qe2  0-1

[Event "FRA-chT"]
[Site "FRA"]
[Date "1998.02.06"]
[Round "1"]
[White "Brochet, Philippe"]
[Black "Weill, Roland"]
[Result "1-0"]
[WhiteElo "2270"]
[BlackElo "2300"]

1.e4 g6 2.d4 Bg7 3.Nc3 d6 4.Be3 c6 5.Qd2 Nd7 6.a4 e5 7.dxe5 dxe5 8.Bc4 Ngf6
9.Nf3 O-O 10.O-O-O Qe7 11.Qd6 Qxd6 12.Rxd6 Ng4 13.Rhd1 Nxe3 14.fxe3 Nc5 15.Ng5 Bg4
16.Rf1 Bh6 17.Rxf7 Rxf7 18.Nxf7 Bxe3+ 19.Kb1 Kf8 20.Nxe5 Ke7 21.Nxg4 Kxd6
22.Nxe3 Ke5 23.Be2 Nxe4 24.Nc4+ Kd4 25.Nxe4 Kxe4 26.Nd6+ Ke3 27.Bf3 Rb8 28.b4 Kd4
29.Kb2 Ke5 30.Nc4+ Kd4 31.Na5 Ke3 32.Kb3 Kd2 33.c4 Kd3 34.b5 Kd4 35.Bxc6 b6
36.Nb7 Rf8 37.a5 Rf1 38.Bd5 Rb1+ 39.Kc2 Re1 40.Nd8 bxa5 41.Nc6+ Kc5 42.Nxa5 Kb6
43.Nb3 a5 44.bxa6 Kxa6 45.Kc3 g5 46.h3 h5 47.Kd4 Kb6 48.Nc5 Rd1+ 49.Nd3 Rd2
50.Ke3 Rc2 51.Kd4 Rd2 52.c5+ Kc7 53.Be4 Re2 54.Bf3 Rd2 55.Ke3 Rc2 56.g3 h4
57.gxh4 gxh4 58.Kf4 Rc3 59.Be4 Rc4 60.Ke5 Rc2 61.c6 Rc3 62.Kd4 Ra3 63.Kd5 Ra5+
64.Ke6 Ra3 65.Nf4 Ra5 66.Ke7 Re5+ 67.Ne6+ Kc8 68.Bf3 Re3 69.Bg4 Re4 70.Bf5 Re5
71.Kf6 Re1 72.Nf4+ Kc7 73.Bd7 Re4 74.Kg5 Kd6 75.Ng6  1-0

[Event "Calcutta Goodricke op"]
[Site "Calcutta"]
[Date "1998.02.07"]
[Round "2"]
[White "Neelakantan, Narayanan"]
[Black "Horvath, Csaba"]
[Result "1-0"]
[WhiteElo "2240"]
[BlackElo "2535"]

1.e4 g6 2.d4 Bg7 3.Nc3 d6 4.Be3 a6 5.Qd2 b5 6.f3 Nd7 7.Nh3 Bb7 8.Be2 c5 9.d5 Ngf6
10.Bh6 O-O 11.O-O Bxh6 12.Qxh6 e6 13.dxe6 fxe6 14.Rad1 Qe7 15.Ng5 Rae8 16.f4 b4
17.Bc4 bxc3 18.Bxe6+ Kh8 19.e5 dxe5 20.Bxd7 Rd8 21.fxe5 Nxd7 22.Rxf8+ Nxf8
23.Nf7+ Qxf7 24.Rxd8 Kg8 25.e6 Qe7 26.Qxf8+ Qxf8 27.e7  1-0

[Event "CZE-chT 9798"]
[Site "CZE"]
[Date "1998.02.08"]
[Round "7"]
[White "Kotek, Daniel"]
[Black "Pastircak, Milan"]
[Result "1/2-1/2"]
[WhiteElo "2315"]
[BlackElo "2370"]

1.e4 g6 2.d4 Bg7 3.Nc3 d6 4.Be3 a6 5.Qd2 b5 6.f3 Nd7 7.g4 Bb7 8.h4 h6 9.Nge2 Ngf6
10.Ng3 c5 11.Be2 Qa5 12.h5 cxd4 13.Bxd4 Rc8 14.hxg6 fxg6 15.g5 hxg5 16.Rxh8+ Bxh8
17.Qxg5 Kf7 18.Bd3 Ne5 19.Bxe5 dxe5 20.Ke2 Qb4 21.Nd1 Bg7 22.Qxe5 Nh5 23.Qg5 Rc5
24.Nf5 gxf5 25.Qxh5+ Kf8 26.Qh4 fxe4 27.fxe4 Bf6 28.Qf4 Re5 29.Nf2 Qd6 30.Qf3 Rg5
31.Rh1 Ke8 32.Rh5 Rxh5 33.Qxh5+ Kd8 34.Qf7 Qf4 35.Qg8+ Kc7 36.c3 Bh4 37.Qg2 Kb6
38.Ng4 Bg5 39.Qf2+ Qxf2+ 40.Nxf2 e5 41.Ng4 Bf4 42.Nf2 Kc6 43.Bc2 Bc1 44.Nd1 Kd6
45.Kf3 Bc6 46.b3 Be8 47.Ne3 Bb2 48.c4  1/2-1/2

[Event "Debrecen"]
[Site "Debrecen"]
[Date "1998.02.25"]
[Round "8"]
[White "Dede, Erno"]
[Black "Donka, Peter"]
[Result "1-0"]
[WhiteElo "2215"]
[BlackElo "2280"]

1.e4 g6 2.d4 Bg7 3.Nc3 d6 4.Nf3 Nd7 5.Bc4 e6 6.Bg5 Ne7 7.Qd2 h6 8.Be3 a6
9.a4 b6 10.O-O Bb7 11.Ne1 Nf6 12.f3 d5 13.Bd3 dxe4 14.Bxe4 Nxe4 15.fxe4 O-O
16.Nf3 Kh7 17.Rad1 Nc8 18.Qe1 Qe7 19.e5 Qb4 20.Qh4 Ne7 21.Ng5+ Kg8 22.Nge4 Nf5
23.Rxf5 exf5 24.Nf6+ Bxf6 25.Qxf6 Kh7 26.Bxh6 Rg8 27.Qh4 Rg7 28.Nd5 Bxd5
29.Bd2+ Kg8 30.Bxb4 g5 31.Qf2 f4 32.c4 Bxc4 33.d5 Bb3 34.Rd2 Bxa4 35.d6 c5
36.d7 Rd8 37.Bxc5 bxc5 38.Qxc5 Rg6 39.Qc8  1-0

[Event "Honra"]
[Site "Almada"]
[Date "1998.03.03"]
[Round "4"]
[White "Carvalho, Alda"]
[Black "Rodrigues, Nuno"]
[Result "1/2-1/2"]
[WhiteElo "2110"]
[BlackElo "2165"]

1.d4 d6 2.e4 g6 3.Nc3 Bg7 4.f4 c6 5.Nf3 d5 6.e5 h5 7.Bd3 Nh6 8.Be3 Bf5 9.Ne2 e6
10.g3 Qb6 11.b3 Bf8 12.Qd2 a5 13.Nc3 Na6 14.a3 Qd8 15.Be2 Be7 16.h3 Ng8 17.Kf2 b5
18.a4  1/2-1/2